Mathematical methods in chemical engineering (Record no. 25039)

000 -LEADER
fixed length control field 00548nam a22002051 4500
001 - CONTROL NUMBER
control field 25039
003 - CONTROL NUMBER IDENTIFIER
control field BD-DhUET
008 - FIXED-LENGTH DATA ELEMENTS--GENERAL INFORMATION
fixed length control field 730313s1963 xx 000 0 eng
040 ## - CATALOGING SOURCE
Original cataloging agency DLC
Transcribing agency OClU
Modifying agency BD-DhUET
082 ## - DEWEY DECIMAL CLASSIFICATION NUMBER
Classification number 660.28
Item number JEN/1963
100 ## - MAIN ENTRY--PERSONAL NAME
Personal name Jenson, V. G.
245 10 - TITLE STATEMENT
Title Mathematical methods in chemical engineering
250 ## - EDITION STATEMENT
Edition statement 1st ed.
260 ## - PUBLICATION, DISTRIBUTION, ETC. (IMPRINT)
Place of publication, distribution, etc. London
Name of publisher, distributor, etc. Academic Press
Date of publication, distribution, etc. 1963
300 ## - PHYSICAL DESCRIPTION
Extent xi, 556 p.
Other physical details illus.
Dimensions 24cm.
504 ## - BIBLIOGRAPHY, ETC. NOTE
Bibliography, etc Includes bibliographies
650 #0 - SUBJECT ADDED ENTRY--TOPICAL TERM
Topical term or geographic name as entry element Chemical engineering
700 ## - ADDED ENTRY--PERSONAL NAME
Personal name Jeffreys, G. V.
942 ## - ADDED ENTRY ELEMENTS (KOHA)
Koha item type General Book
Holdings
Source of classification or shelving scheme Koha item type Piece designation (barcode) Lost status Koha full call number Date acquired Sublocation or collection (holding branch) Damaged status Koha date last seen Koha normalized classification for sorting Price effective from Copy number Location (home branch) Withdrawn status Shelving location Not for loan
 General Book22438 660.28/JEN/19632015-05-12Central Library, BUET 2015-05-12660_280000000000000_JEN_19632015-05-121Central Library, BUET Circulation section 
 General Book22440 660.28/JEN/19632015-05-12Central Library, BUET 2015-05-12660_280000000000000_JEN_19632015-05-122Central Library, BUET Circulation section 
 General Book22434 660.28/JEN/19632015-05-12Central Library, BUET 2015-05-12660_280000000000000_JEN_19632015-05-123Central Library, BUET Circulation section 
 General Book22432 660.28/JEN/19632015-05-18Central Library, BUET 2015-05-18660_280000000000000_JEN_19632015-05-184Central Library, BUET Circulation section 
 General Book22435 660.28/JEN/19632015-05-18Central Library, BUET 2015-05-18660_280000000000000_JEN_19632015-05-185Central Library, BUET Circulation section 
 General Book29450 660.28/JEN/19632015-05-18Central Library, BUET 2015-05-18660_280000000000000_JEN_19632015-05-186Central Library, BUET Circulation section 
 General Book29449 660.28/JEN/19632015-05-18Central Library, BUET 2015-05-18660_280000000000000_JEN_19632015-05-187Central Library, BUET Circulation section 
 General Book29448 660.28/JEN/19632015-05-18Central Library, BUET 2015-05-18660_280000000000000_JEN_19632015-05-188Central Library, BUET Circulation section 
 General Book29457 660.28/JEN/19632015-05-18Central Library, BUET 2015-05-18660_280000000000000_JEN_19632015-05-189Central Library, BUET Circulation section 
 General Book29454 660.28/JEN/19632015-05-18Central Library, BUET 2015-05-18660_280000000000000_JEN_19632015-05-1810Central Library, BUET Circulation section 
 General Book29453 660.28/JEN/19632015-05-18Central Library, BUET 2015-05-18660_280000000000000_JEN_19632015-05-1811Central Library, BUET Circulation section 
 General Book29451 660.28/JEN/19632015-05-18Central Library, BUET 2015-05-18660_280000000000000_JEN_19632015-05-1812Central Library, BUET Circulation section 
 General Book22431 660.28/JEN/19632015-05-18Central Library, BUET 2015-05-18660_280000000000000_JEN_19632015-05-1813Central Library, BUET Circulation section 
 General Book29452 660.28/JEN/19632015-05-18Central Library, BUET 2015-05-18660_280000000000000_JEN_19632015-05-1814Central Library, BUET Circulation section 
 General Book22436 660.28/JEN/19632015-05-18Central Library, BUET 2015-05-18660_280000000000000_JEN_19632015-05-1815Central Library, BUET Circulation section 
 Reading Item29456 660.28/JEN/19632015-06-17Central Library, BUET 2015-06-17660_280000000000000_JEN_19632015-06-1716Central Library, BUET Reading section 
 Reading Item29455. 660.28/JEN/19632015-06-18Central Library, BUET 2015-06-18660_280000000000000_JEN_19632015-06-1817Central Library, BUET Reading section 
 Reading Item22439 660.28/JEN/19632015-07-10Central Library, BUET 2015-07-10660_280000000000000_JEN_19632015-07-1018Central Library, BUET Reading section